000
00199 a2200097 4500
020
_a
087577919393
041
_a
spa
100
_a
Robinson, Hilary
245
_a
el cocodrilo junto a la roca
942
_c
BK
999
_c
8468
_d
8468